<?xml version="1.0" encoding="UTF-8"?>
<record
    xmlns:xsi="http://www.w3.org/2001/XMLSchema-instance"
    xsi:schemaLocation="http://www.loc.gov/MARC21/slim http://www.loc.gov/standards/marcxml/schema/MARC21slim.xsd"
    xmlns="http://www.loc.gov/MARC21/slim">

  <leader>02030nam a22002777a 4500</leader>
  <controlfield tag="003">UA-OsUOA</controlfield>
  <controlfield tag="001"> 133615 </controlfield>
  <controlfield tag="007">ta</controlfield>
  <controlfield tag="008">20181026b un ||||| |||| 00| 0 ukr d</controlfield>
  <datafield tag="090" ind1=" " ind2=" ">
    <subfield code="b">S-56</subfield>
  </datafield>
  <datafield tag="942" ind1=" " ind2=" ">
    <subfield code="c">MGN</subfield>
  </datafield>
  <datafield tag="040" ind1=" " ind2=" ">
    <subfield code="a">UA-OsUOA</subfield>
    <subfield code="b">eng</subfield>
    <subfield code="c">UA-OsUOA</subfield>
    <subfield code="d">UA-OsUOA</subfield>
  </datafield>
  <datafield tag="245" ind1=" " ind2=" ">
    <subfield code="a">Studies of Transition States and Societies</subfield>
    <subfield code="b">&#x2019;Studies of Transition States and Societies&#x2019; (STSS) aims to promote interdisciplinary exchange between scholars in all major field of the</subfield>
    <subfield code="c">Editor in chief Email: stss@tlu.ee Airi-Alina Allaste - Tallinn University, Estonia</subfield>
  </datafield>
  <datafield tag="955" ind1=" " ind2=" ">
    <subfield code="a">1</subfield>
  </datafield>
  <datafield tag="041" ind1=" " ind2=" ">
    <subfield code="a">eng</subfield>
  </datafield>
  <datafield tag="022" ind1=" " ind2=" ">
    <subfield code="a">1736-8758</subfield>
  </datafield>
  <datafield tag="856" ind1="4" ind2="0">
    <subfield code="u">http://publications.tlu.ee/index.php/stss/issue/view/36</subfield>
  </datafield>
  <datafield tag="520" ind1="3" ind2=" ">
    <subfield code="a">Studies of Transition States and Societies&#x2019; (STSS) is a fast-growing open-access interdisciplinary journal for the study of transition societies. Published since 2009 it is already indexed in Scopus, the Directory of Open Access Journals (DOAJ), EBSCO</subfield>
  </datafield>
  <datafield tag="520" ind1="3" ind2=" ">
    <subfield code="a">, ProQuest, Central and Eastern European Online Library (CEEOL) and the International Political Science Abstracts (IPSA).STSS aims to promote interdisciplinary exchange between scholars in all major field of the social sciences with emphasis to so</subfield>
  </datafield>
  <datafield tag="520" ind1="3" ind2=" ">
    <subfield code="a">ciology and political science. The substantive focus of the journal is on the transitional societies, particularly on the societal and political changes in the post-socialist region. Still articles on other regions are considered as well to enrich the</subfield>
  </datafield>
  <datafield tag="520" ind1="3" ind2=" ">
    <subfield code="a">debate about transition in social sciences.The journal is published biannually whereas the spring issue combines articles of political science and papers in sociology are published in the fall. In addition, collections of articles about a common t</subfield>
  </datafield>
  <datafield tag="520" ind1="3" ind2=" ">
    <subfield code="a">heme or debate are published as special issues.STSS is published by Institute of Political Science and Governance and Institute of International and Social Studies, Tallinn University.See more in About section.</subfield>
  </datafield>
  <datafield tag="260" ind1=" " ind2=" ">
    <subfield code="c">2016</subfield>
  </datafield>
  <datafield tag="246" ind1="3" ind2="1">
    <subfield code="a">1</subfield>
    <subfield code="n"></subfield>
  </datafield>
  <datafield tag="650" ind1=" " ind2="7">
    <subfield code="2">UDC</subfield>
  </datafield>
  <datafield tag="999" ind1=" " ind2=" ">
    <subfield code="c">422543</subfield>
    <subfield code="d">422543</subfield>
  </datafield>
</record>
